[Event "RUS-chT 06th"]
[Site "St Petersburg"]
[Date "1999.05.18"]
[Round "3"]
[White "Sergienko, Sergey"]
[Black "Lopushnoy, Denis"]
[Result "1-0"]
[WhiteElo "2387"]
[BlackElo "2399"]
[Annotator "Golod,V"]
[PlyCount "97"]
[EventDate "1999.05.16"]
[EventType "team-tourn"]
[EventRounds "9"]
[EventCountry "RUS"]
[SourceTitle "EXT 2020"]
[Source "ChessBase"]
[SourceDate "2019.10.17"]
[SourceVersion "1"]
[SourceVersionDate "2019.10.17"]
[SourceQuality "1"]
[WhiteTeam "Voronezh OShK"]
[BlackTeam "Novokuznetsk"]
[WhiteTeamCountry "RUS"]
[BlackTeamCountry "RUS"]

1. d4 Nf6 2. c4 e6 3. Nc3 Bb4 4. Qc2 d5 5. cxd5 Qxd5 6. Nf3 Qf5 7. Qxf5 {
[%mdl 4] After this move,white has a very small advantage in the endgame.Other
lines are:} (7. Qb3 $5 {-see comments to Dreev,A-Bareev,E/Elista,1998/CBM 65
(0-1) (Golod,V)(32)}) ({and} 7. Qd1 {-see comments to Ivanov,S-Landa,K/St.
Petersburg,1999/CBM 71(1/2-1/2)(Golod,V)(56)}) 7... exf5 8. Bd2 $5 {Other
alternatives are:} (8. Bf4 $5 {-see comments to Kortschnoj,V-Topalov,V/Tilburg,
1998/CBM 68(1/2-1/2)(Golod,V)(43) and Golod,V-Psakhis,L/Tel-Aviv,1999/CBM 71
(1-0)(Golod,V)(67)}) ({and} 8. a3 $5) 8... c6 $5 (8... Be6) ({and} 8... O-O {
-was checked in the previous games.}) 9. g3 ({Another alternative is:} 9. e3 {
-see comments to Beliavsky,A-Romanishin,O/Groningen,1993/CBM 39(0-1)
(Kortschnoj)(57)}) 9... Nbd7 $5 {[%csl Rd5][%cal Gd7b6]} (9... Be6 $5 {-see
comments to Ward,C-Speelman,J/Southend,1999/CBM 71(1/2-1/2)(Golod,V)(44)}) 10.
Bg2 Nb6 11. Ne5 $5 {wiht the idea Nd3(><c5)} O-O 12. O-O $146 (12. Nd3 $5 Be7
13. Bg5 $6 (13. Bf4 $142) 13... Re8 14. O-O a5 15. Nc5 h6 16. Bxf6 Bxf6 17. e3
$11 {Belin,I-Gedevanishvili,D/Sydney,1995/EXT 98(1/2-1/2)(37)}) 12... a5 $5 ({
Slightly worse is:} 12... Be6 {in view of:} 13. Nd3 Be7 (13... a5 $5) 14. Nc5
Rfd8 (14... Bxc5 15. dxc5 Nc4 16. Bc1 Nd7 17. b3 Nce5 18. f4 Ng6 19. Ba3 $14)
15. Nxb7 Rxd4 16. Be3 $14) 13. Rfd1 ({Senseless:} 13. Nd3 {because of:} Nc4 14.
Be1 Re8 $11) 13... Be6 14. b3 {><c4;/\Rab1,Nd3} ({In my opinion better is:} 14.
a3 Bd6 $140 (14... Be7 $5) 15. Nd3 {[%cal Gd3c5,Gd2f4]} Nfd5 (15... Nbd5 $143
16. Nc5 b6 17. Nxe6 fxe6 $14) 16. Nc5 {+/=/=}) 14... Ra7 $6 {[%cal Gf8a8,Ga5a4]
} ({Aftert normal move:} 14... Rfd8 {probably equality.}) 15. Rab1 Rfa8 16. Nd3
{+/=/=} Rd8 $6 ({Logically:} 16... Bxc3 17. Bxc3 a4 18. Nc5 axb3 19. axb3 Bd5
20. f3 {[%cal Ge2e4] +/=/=}) 17. e3 Nfd5 ({Can be recommended:} 17... Bd5 $5)
18. Nxd5 Nxd5 $8 19. Bxd5 $1 {White transfers to better endgame.} Rxd5 $8 20.
Bxb4 axb4 21. Rd2 $14 {[%csl Rb4][%mdl 4096]} (21. Nxb4 {is refuted by:} Rb5 {
[%csl Ra2,Yb4][%cal Gb5b4]} 22. d5 (22. Nd3 $143 Rxa2 $15) 22... Rxb4 (22...
cxd5 $2 23. Rd4 $16) (22... Bxd5 $6 23. Nxd5 Rxd5 24. Rxd5 cxd5 25. a4 {+/=/+/-
}) 23. dxe6 fxe6 $11 {_|_}) 21... Rb5 22. f3 $1 {Against 22...Bd5(><f3)} Ra8 (
22... g5 $5 {/\f6,Kf7}) 23. Rc1 f6 24. Kf2 Kf7 25. Rc5 $1 Rb6 $6 ({Badly:} 
25... Rxc5 {in view of:} 26. Nxc5 $1 (26. dxc5 $2 Ra5 27. Rc2 Rb5 $11) 26...
Ra7 $140 27. Nd3 $16 {[%csl Rb4]}) (25... Raa5 $142) 26. e4 fxe4 27. fxe4 Ke7 (
{Dubious:} 27... Rd8 28. Ke3 $140 Ke7 {because of:} 29. Ra5 $1 {[%csl Ga5]})
28. Ke3 Kd6 29. Rf2 h6 30. Kf4 $5 {/\g4} Bg8 31. g4 {White's plan is:play on
the king side properly:h4 and g5.} Ke7 32. h3 Be6 33. Ke3 Kd6 34. Rg2 Re8 35.
Kf3 Ra8 36. Rf2 Bg8 37. Re2 Bf7 38. Rd2 Bg8 39. Kf4 {Probably these manoeuvres
because of mutual zeitnot.} Be6 40. Rg2 Bg8 41. h4 {At last!} Be6 42. Rh2 Ke7
$6 ({More stubborn resistance after:} 42... g5+) 43. g5 $16 Rd8 44. Ke3 Rg8 45.
Ra5 $1 g6 $2 {After this mistake white has a forcing win.} (45... Bf7 $16) 46.
gxf6+ Kxf6 47. Rf2+ Kg7 ({Also loses:} 47... Ke7 {in view of:} 48. Re5 {
[%csl Re6][%cal Gd3c5]} Rb5 (48... Kd6 $143 49. Rf6 Re8 50. Nc5 $18) (48... Rd8
$143 49. Nf4 Rd6 50. d5 $18) 49. Nc5 Rxc5 50. Rxc5 $18) 48. Re5 Re8 (48... Bc8
49. Re7+ Kh8 50. Rff7 Rd8 51. Rh7+ Kg8 52. Ne5 $18) (48... Bf7 49. Re7 Rf8 50.
Nc5 $18 {[%csl Rf7][%cal Gc5d7,Gc5e6]}) (48... c5 49. dxc5 Rc6 50. Nxb4 $18 {
[%csl Re6]}) 49. Nc5 (49. Nc5 Bf7 $8 50. Rxe8 Bxe8 51. Ne6+ Kh7 $8 (51... Kg8 {
[=51...Kh8]} 52. Rf8+ $18 {[%csl Re8]}) 52. Nc7 $1 Bd7 53. Rf7+ $18) 1-0

[Event "RUS-chT 06th"]
[Site "St Petersburg"]
[Date "1999.05.22"]
[Round "7"]
[White "Ivanov, Sergey"]
[Black "Landa, Konstantin"]
[Result "1/2-1/2"]
[WhiteElo "2528"]
[BlackElo "2542"]
[Annotator "Golod,V"]
[PlyCount "112"]
[EventDate "1999.05.16"]
[EventType "team-tourn"]
[EventRounds "9"]
[EventCountry "RUS"]
[SourceTitle "EXT 2020"]
[Source "ChessBase"]
[SourceDate "2019.10.17"]
[SourceVersion "1"]
[SourceVersionDate "2019.10.17"]
[SourceQuality "1"]
[WhiteTeam "Sankt Petersburg Lentransgaz"]
[BlackTeam "Tomsk Siberia"]
[WhiteTeamCountry "RUS"]
[BlackTeamCountry "RUS"]

1. d4 Nf6 2. c4 e6 3. Nc3 Bb4 4. Qc2 d5 5. cxd5 Qxd5 6. Nf3 Qf5 7. Qd1 {
Other lines are:} (7. Qxf5 {-see comments to Sergienko,S-Lopushnoy,D/St.
Petersburg 1999/CBM 71(1-0)(Golod,V)(49)}) ({and} 7. Qb3 $5 {-see comments to
Dreev,A-Bareev,E/Elista,1998/CBM 65(0-1) (Golod,V)(32)}) 7... Nbd7 $5 {Desides,
black has several options:} (7... c5 $5 {Is the main line.You can see comments
to Sokolov,I-Kortschnoj,V/Dresden,1998/CBM 65(1-0)(ChessBase)(52)}) (7... e5 $5
{-see comments to Jelen,I-Beliavsky,A/Bled,1996/CBM 51(0-1) (Mencinger,V)(34)})
(7... O-O {-see comments to Kharlov,A-Kholmov,R/Elista,1995/CBM 50(1-0)
(Chekhov)(39)}) ({and} 7... Ne4 {-see comments to Goldin,A-Yudasin,L/Rishon le
Zion,1996/CBM 53(1-0)(Dautov)(53)}) 8. e3 {[%csl Rf5][%cal Gf1d3]} Ne4 $1 {
Differently after 9.Bd3 white has a advantage.} 9. Bd2 {This more logically,
than- 9.Qb3} Nxd2 10. Qxd2 e5 $146 (10... Nf6 $143 11. Bd3 Qa5 12. O-O O-O 13.
Rfc1 c6 14. a3 Be7 15. b4 $14 {Vorobiov,E-Krivonogov,A/Moscow,1995/EXT 97(1/
2-1/2)(15)}) 11. Bd3 ({In my opinion slightly better is:} 11. a3) 11... Bxc3 $1
({Dubious:} 11... Qg4 {in view of:} 12. O-O exd4 (12... e4 $6 13. h3 Qg6 $2 (
13... Bxc3 $142 {-12...Bc3}) 14. Bxe4 $1 Bxc3 $140 15. Qc2 $18 {[%csl Yc2,Rc3]
[%cal Yc2e4,Gc2c3]}) (12... Bxc3 $6 13. Qxc3 $140 e4 14. h3 Qg6 15. Bc2 $14)
13. exd4 O-O 14. Rae1 $14 (14. Rfe1 $5)) 12. Qxc3 ({After:} 12. Bxf5 $6 Bxd2+
13. Kxd2 exd4 14. Nxd4 Ne5 {equality in the endgame.}) (12. bxc3 $4 e4 13. Bc2
(13. Nh4 $2 Qg4 {[%csl Rd3,Rh4]}) 13... Qg4 $17 {[%csl Rg2]}) 12... exd4 {
Is the best move!} (12... e4 $6 13. Bc2 Qg4 14. Nd2 $36 {[%cal Gc2e4]}) ({
Badly:} 12... Qg4 {because of:} 13. dxe5 $1 (13. O-O $5 {-see 11...Qg4}) 13...
Qxg2 14. Ke2 Qh3 15. Rag1 $16) 13. Nxd4 {+/=/= White has a slight positional
advantage also after:} (13. Qxd4 {[%csl Rf5,Rg7]} Qf6 14. Rc1 c6 {+/=/=}) ({and
} 13. exd4 Qf4 (13... Qe6+ $2 14. Kf1 Qd6 15. Re1+ Kf8 16. Ng5 $16 {[%csl Rf7,
Rh7][%cal Gd3c4]}) 14. O-O O-O {+/=/=}) 13... Qc5 $5 {This move is better
than-13...Qe5} 14. Qd2 ({Senseless:} 14. Nb5 {in view of:} Qxc3+ 15. bxc3 Kd8
$11 {[%csl Rc7][%cal Yd8c7]}) ({Also equality after:} 14. Rc1 Qxc3+ 15. Rxc3 c6
) 14... Ne5 15. Be4 $5 ({Somewhat worse is:} 15. Be2) 15... Qe7 16. O-O O-O 17.
Rac1 $5 {White's plan is: Bb1,Qc2/^b1-h7 and play on the centre.} c6 18. Bb1
Rd8 19. Qc2 Ng6 $5 {Black's plan is: Bd7,Rac8 and c5 with play on the queen
side.} 20. a3 Bd7 $11 21. e4 $5 {(><f5)/\f4,e5} Rac8 22. Rfe1 ({Dubious:} 22.
b4 {because of:} a5 {or (22...b6/\c5)with slight advantage of a black}) 22...
c5 23. Nf5 Qe5 ({Loses right away:} 23... Bxf5 24. exf5 Ne5 $8 25. f4 $18) 24.
g3 c4 {[%csl Yc5][%cal Ye5c5]} 25. Qc3 Qxc3 $5 ({Slightly worse is:} 25... Bxf5
26. exf5 Qxc3 27. bxc3 (27. Rxc3 $143 Nf8 $11) 27... Nf8 28. Re7 Rd7 29. Rce1 {
+/=/=}) 26. Rxc3 Be6 ({Viz now good enough:} 26... Bxf5 27. exf5 Nf8 $11) 27.
e5 {[%cal Gf5d6]} Rc5 28. f4 Bxf5 $6 ({Strongly:} 28... Rb5 29. Nd6 Rxb2 30.
Bc2 (30. f5 $2 Nxe5 $1 $19 {[%csl Rb1,Rd6][%cal Ge5f3]}) (30. Nxc4 $5 Bxc4 31.
Rxc4 Rdd2 32. Be4 Rxh2 33. Rc7 $11) 30... Ne7 31. f5 Bd5 $13) 29. Bxf5 {+/=/=}
b5 30. b3 Ne7 {[%cal Ge7d5]} 31. Be4 Rd4 $1 {with the idea Nd5 and Rcxd5} 32.
Kf2 Nd5 33. Bxd5 Rcxd5 34. bxc4 bxc4 (34... Rxc4 $2 35. Rxc4 bxc4 36. Rc1 Rd2+
(36... Rd4 $143 37. Rc3 {[%csl Rc4][%cal Gf2e3]}) 37. Ke1 $1 (37. Kf3 $6 Rd3+
38. Ke4 Rxa3 39. Rxc4 g6 $11) 37... Rxh2 (37... Rd4 $6 38. Rd1 $1 $16) 38. Rxc4
{with advantage of white.For example:} g6 (38... h5 $5) 39. Kf1 Rb2 40. Rc8+
Kg7 41. Rc7 {[%csl Ra7][%cal Ge5e6] +/=/+/-}) 35. Re2 {[%csl Rc4,Ye2][%cal
Ge2c2]} h6 ({Slightly better is:} 35... h5) 36. Rec2 Rd2+ 37. Rxd2 (37. Ke3
$143 Rxc2 38. Rxc2 Rd3+ 39. Ke4 Rxa3 40. Rxc4 g6 $11) 37... Rxd2+ 38. Ke3 Rxh2
39. Rxc4 {[%csl Ra7][%cal Gc4a4]} Rg2 $5 40. Kf3 $140 Rb2 {[%csl Ra3][%cal
Gb2b3]} 41. Rc8+ $6 (41. Ra4 $142 Rb7 42. g4 {[%cal Gf3e4,Gf4f5] with slight
advantage in the R endgame}) 41... Kh7 42. Rc7 Rb3+ $8 43. Kg4 Rxa3 44. Rxf7
Kg6 {[%csl Rf7][%cal Gg6f7,Gh6h5]} 45. e6 h5+ 46. Kh4 Re3 47. Rf8 ({Also draw
after:} 47. f5+ Kh6 48. Rxa7 g6 {[%csl Re6]} 49. e7 (49. fxg6 $144 Re4+ $1 50.
Kh3 Kxg6 51. Ra6 Kg5 (51... Kf6 52. Rb6 Rxe6 $4 (52... Kg5 $11) 53. Rxe6+ Kxe6
54. Kh4 $18) 52. Kg2 Kf5 53. Kf3 Rxe6 54. Rxe6 Kxe6 $11) 49... Re4+ 50. g4 (50.
Kh3 $143 gxf5) 50... gxf5 51. Ra6+ Kg7 52. e8=Q Rxe8 53. gxf5 Re1 $11) 47...
Re4 48. g4 Kh7 $1 {[%csl Re6][%cal Ge4e6]} 49. f5 $5 {Only chance play to win.}
hxg4 50. Ra8 a5 $1 51. Rxa5 Kh6 {[%cal Gg7g6]} 52. Ra8 {[%csl Rh6][%cal Ga8h8]}
g3+ $1 $11 53. Kxg3 Kg5 54. Kf3 Re5 55. Rf8 g6 56. fxg6 Kxg6 1/2-1/2

[Event "Corus-B"]
[Site "Wijk aan Zee"]
[Date "2004.01.11"]
[Round "2"]
[White "Zhu, Chen"]
[Black "Tiviakov, Sergei"]
[Result "1/2-1/2"]
[WhiteElo "2495"]
[BlackElo "2600"]
[Annotator "Golod,V"]
[PlyCount "103"]
[EventDate "2004.01.10"]
[EventType "tourn"]
[EventRounds "13"]
[EventCountry "NED"]
[EventCategory "13"]
[SourceTitle "CBM 099"]
[Source "ChessBase"]
[SourceDate "2004.03.30"]
[SourceVersion "1"]
[SourceVersionDate "2004.03.30"]
[SourceQuality "1"]

1. d4 Nf6 2. c4 e6 3. Nc3 Bb4 4. Qc2 d5 5. cxd5 Qxd5 6. Nf3 Qf5 7. Qxf5 {
After exchange of the queens,White can expect only on minimal positional
advantage.} exf5 8. a3 Bd6 9. Nb5 Be6 10. Bd2 {[%cal Ga1c1] Comments to this
part of the game(7-9 moves) ,also: 10.e3; 10.Nxd6+ and} (10. g3 $5 {You can
find in annotations to game: Vera,R-Stefansson,H/Varadero,2000/CBM 77(1-0)
(Golod,V)(66)}) 10... Nc6 ({Also once were checked in the preceding short game:
} 10... a6 $5 11. Nxd6+ cxd6 12. e3 Nc6 $11 {1/2-1/2 Pedersen,N-Huzman,A/Bled,
2002(12)}) 11. Rc1 $146 ({The same position with rearrangement of moves has
met in two more games:} 11. e3 a6 12. Nxd6+ cxd6 13. Bd3 Ne4 14. Ke2 Kd7 15.
Rhc1 {+/=/= Kelecevic,N-Franzoni,G/Switzerland,1997(1/2-1/2)(33)}) (11. Nxd6+
cxd6 12. e3 Ke7 13. Bd3 Ne4 14. Ke2 g6 15. Rhc1 Rac8 16. b4 Nb8 {+/=/= Wiley,
T-Kholmov,R/Olomouc,2001(1/2-1/2)(43)}) 11... a6 $1 {Black can not any more
suffer here this knight.} 12. Nxd6+ cxd6 13. e3 ({Hardly it was better:} 13.
Bf4 Kd7 {[%cal Yf6d5,Yf6h5]} (13... Ne4 $143 14. e3 {[%cal Gf3d2]}) 14. e3 Nh5
$11) 13... Ne4 14. Bd3 Kd7 $11 {It became already clear, that Black have
decided all opening problems.} 15. Ke2 (15. h4 $5 {[%cal Gf3g5]} h6 16. h5 Rac8
$11) 15... Bd5 16. Rhd1 ({Senselessly:} 16. Ne1 $6 {[%cal Gf2f3] because of:}
Rhe8 {[%csl Re2,Ge8]}) 16... Rhe8 {<->e; עe2} 17. Kf1 Rac8 18. h4 {In my
opinion,it was a little better:} (18. Be1 {[%cal Gf3d2]} Bb3 $1 19. Bc2 Bxc2 (
19... Bc4+ $5 20. Kg1 $6 (20. Bd3 $142 Bb3 $11) 20... Be2 21. Rd2 Nxd2 22.
Bxf5+ Kd8 (22... Ke7 $5 23. Nxd2 {[%csl Gc1,Rc8][%cal Gd4d5]} Rb8 24. f3 {=/=/+
}) 23. Nxd2 (23. Bxc8 $4 Nxf3+ 24. gxf3 Kxc8 $19 25. d5 $140 Re5 $1 {[%csl Rd5,
Rg1][%cal Ge5d5,Ge5g5,Ge2f3]}) 23... Rb8 (23... Rc7 $2 24. Ne4 $14 {[%csl Yc6]
[%cal Ge4d6,Gd4d5,Yc6a5,Ge1a5]} g6 $140 $2 25. Nxd6 {[%csl Rc7,Yd8,Re8][%cal
Gd6e8,Gd4d5,Yd8c7,Yd8e8]}) 24. Ne4 g6 25. Ng3 Bb5 26. Bc2 Rc8 {=/=/+}) 20. Rxc2
Ne7 {[%cal Ye7d5]} 21. Rdc1 $11) 18... g6 (18... h6 $6 19. h5 {[%csl Rf5][%cal
Gf3h4]}) 19. Ng5 $6 {After this inaccurate move White will have to fight for
equality.} (19. Be1 $6 Bb3 20. Bc2 Na5 $15 {[%csl Rc2]} 21. Bxb3 $140 $6 Nxb3
22. Rxc8 Rxc8 {[%cal Gc8c2]} 23. Rd3 Nc1 24. Rd1 Rc2 {[%csl Rb2,Gc2][%cal
Yb7b6,Ya6a5]}) ({Can be recommended:} 19. Bc4 $5) 19... Bb3 $1 20. Bxe4 ({
A little bit passive continuation:} 20. Bc2 Bxc2 21. Rxc2 Ne7 $1 {<->c} 22. Bc3
(22. Rxc8 $6 Rxc8 $15 {[%cal Gc8c2]}) 22... Nd5 {[%csl Rc3]} 23. Rdc1 h6 24.
Nxe4 fxe4 $15) 20... fxe4 (20... Bxd1 $4 {is refuted by:} 21. Bxc6+ Rxc6 22.
Rxd1 $16) 21. Re1 h6 22. Nh3 $6 (22. Rc3 $5 {It's the most logical reaction to
the previous move of Black.} Ba2 23. Nh3 (23. Ra1 $2 hxg5 24. Rxa2 gxh4 $17)
23... Ne7 {[%cal Ge7d5]} 24. Rec1 Rxc3 25. Rxc3 Nd5 26. Rc1 {[%cal Gh3f4] =/=/+
}) 22... Ne7 23. Rxc8 Rxc8 24. Rc1 Bc4+ {Can it was necessary to decide on
exchange of one more pair RR :} (24... Rxc1+ $5 25. Bxc1 Nf5 {[%csl Rh4]} 26.
g3 b6 $15 {[%csl Ya6,Yb6,Yf7,Yg6][%cal Ya6a5,Yf7f6,Yg6g5,Gd7c6,Gc6d5,Gd5c4]})
25. Ke1 Nf5 $15 26. g3 b5 ({It deserves attention:} 26... b6 {[%csl Yb6,Rd2]
[%cal Ya6a5] with the idea to limit the White's bishop.}) 27. Ba5 f6 28. Nf4
Bf7 $6 {It was better to keep a rooks:} (28... g5 29. Nh5 Rf8 30. hxg5 fxg5 $15
) 29. Rxc8 Kxc8 30. Ne2 {[%csl Ya5,Gf7] Presence of bishops of opposite color
^- in endgame - "harbinger" of drawn game.} Bc4 31. Nc3 d5 32. f3 $1 {[%csl
Ye1][%cal Ye1f2] Very in time! For White "air" is necessary.} exf3 {Besides
Black has two alternatives:} (32... Nxg3 33. Kf2 Nf5 (33... Nh1+ $4 34. Kg2
exf3+ 35. Kxf3 $8 {[%csl Rh1][%cal Gf3g2,Gg2h1]} Bf1 36. Nxd5 f5 37. Ne7+ Kd7
38. Nxg6 $18) 34. h5 $1 g5 35. fxe4 Ng7 {[%csl Rh5]} 36. Bb4 $11 {[%csl Rg7,
Rh6][%cal Gb4f8]}) (32... Nxe3 33. Kf2 Nc2 34. fxe4 dxe4 35. Nxe4 f5 36. Nc5
$11 {[%csl Ra6]}) 33. Kf2 {[%csl Yc4,Rf3][%cal Gf2f3,Yc4d5]} Kd7 34. Kxf3 Ke6
35. Bb4 {[%csl Yb4][%cal Yb4f8,Yb4a3]} (35. a4 $142) 35... Bb3 36. Bf8 h5 37.
Kf4 Bc2 38. Bc5 Be4 39. Bf8 {White don't have any clear plan, they wait and
prepare for active actions on the part of Black.} Bg2 40. a4 {Basically, the
correct direction of actions - than is less pawns, the less problems.} Kf7 ({
Leads to absolutely equality:} 40... bxa4 41. Nxa4 Kf7 42. Bb4 Ng7 {[%csl Rf4]
[%cal Gg7e6]} 43. Nc5 {[%csl Yc5][%cal Yc5e6]}) 41. Bb4 ({Is more interesting
alternative:} 41. axb5 $142 axb5 (41... Kxf8 $4 42. bxa6 Ng7 {[%csl Rf4,Yg7]
[%cal Yg7e6,Ye6c7]} 43. g4 $1 Ne6+ (43... hxg4 $2 44. Kxg4 $1 {[%csl Ga6][%cal
Ga6a7]} Ne8 $140 45. Nb5 {[%csl Ga6,Yb5][%cal Ga6a7,Ga7a8,Yb5c7]}) 44. Kg3 {
[%csl Rg2]} Bf1 (44... Bh1 $2 45. Nb5 {[%csl Ga6,Yb5][%cal Ga6a7,Yb5c7,Ga7a8]})
45. a7 Nc7 46. Nxd5 Na8 $8 47. gxh5 gxh5 48. Nxf6 $18) 42. Bc5 Ng7 43. e4 Ne6+
44. Ke3 dxe4 45. Nxe4 Nc7 $11 {[%cal Gc7d5]}) 41... Ng7 {[%csl Rf4][%cal Gg7e6]
} 42. e4 dxe4 43. axb5 axb5 44. Nxb5 $11 {[%csl Re4][%cal Gd4d5,Gb5d6]} ({
Also leads to equality:} 44. Nxe4) 44... Nf5 45. Nd6+ Nxd6 46. Bxd6 {Drawn
game is inevitable.} Ke6 47. Bc5 Kd5 48. b4 Kc4 49. Ke3 g5 50. Be7 gxh4 51.
gxh4 f5 52. Bd6 {[%csl Yb4,Yd4,Yd6,Ge4,Gf5,Gg2,Yh4,Gh5] It was a rather
instructive game for this variation.} 1/2-1/2